000 00797nas a22002057a 4500
999 _c121156
_d121156
001 K121156
007 ta
008 191106b2019 ||||| |||| 00| 0 eng d
041 _aeng
100 _aHumphreys, Emma
245 _aGetting carried away
_bThe future of urban air mobility
260 _c2019
490 _aEstates Gazette
_v(1942) 19 October 2019, 56-59
520 _aWith flight trials underway for drone taxi and delivery services considers how property owners and developers should be preparing their buildings to provide the infrastructure to support this. Discusses what drones could be used and practical and legal considerations.
650 _aDrones
651 _aUnited Kingdom 1973
690 _96246
_aInfrastructure
700 _aRichards, Eddie
700 _aWalker, Duncan